Sommation ou Sommation - Statistiques

Statistiques générales
  • Ce quiz a été pris 7 fois
  • Le résultat moyen est 5 sur 6
Statistiques - réponses
Hint Réponse % Correct
Ceci est une descente de police Sommation Akha
100%
Je vais vous taper Sommation Akha
86%
C'est la dernière fois que je vous dis de sortir Sommation Akha
86%
1+1 Sommation Eco
86%
1+1+1+1+1+1 Sommation Eco
86%
1+1+1 Sommation Eco
57%
Aucun quiz correspondant
Distribution des résultats
% des personnes avec chaque résultat
Percentile par nombre de réponses
Votre historique - résultats
Vous n’avez pas pris ce quiz